Bester Torschütze von jedem Bundesligaverein 24/25 - Statistiken

Allgemein
  • Dieses Quiz wurde 51 mal gespielt
  • Das Durchschnittsergebnis liegt bei 12 aus 18
Antwortstatistiken
Hint Antwort % Korrekt
Bayern München Harry Kane
100%
Leverkusen Patrick Schick
100%
Dortmund Serhou Guirassy
96%
Frankfurt Omar Marmoush
94%
Leipzig Benjamin Sesko
85%
Mönchengladbach Tim Kleindienst
83%
Stuttgart Ermedin Demirovic
79%
Hoffenheim Andrej Kramaric
71%
Mainz Jonathan Burkardt
67%
Wolfsburg Mohamed Amoura
63%
Union Berlin Benedict Hollerbach
60%
Freiburg Ritsu Doan
58%
Bremen Jens Stage
56%
Augsburg Alexis Claude-Maurice
40%
Kiel Shuto Machino
40%
Heidenheim Marvin Pieringer
38%
Bochum Myron Boadu
35%
St.Pauli Morgan Guilavogui
33%
Keine übereinstimmenden Quizze gefunden
Verteilung der Resultate
Anzahl Personen mit jedem Resultat
Perzentil nach korrekt beantworteten Fragen
Ihre Resultats-Entwicklung
Sie haben dieses Quiz noch nicht gespielt